Leonardo da Vinci. / (Record no. 110095)
[ view plain ]
| 000 -LEADER | |
|---|---|
| fixed length control field | 01020nam a2200181 a 4500 |
| 005 - DATE AND TIME OF LATEST TRANSACTION | |
| control field | 20140414131849.0 |
| 008 - FIXED-LENGTH DATA ELEMENTS--GENERAL INFORMATION | |
| fixed length control field | 100728s19uu xx 00 eng d |
| 050 ## - LIBRARY OF CONGRESS CALL NUMBER | |
| Classification number | M 509.2 |
| Item number | K93 2005 |
| 100 ## - MAIN ENTRY--PERSONAL NAME | |
| Personal name | Krull, Kathleen |
| 245 ## - TITLE STATEMENT | |
| Title | Leonardo da Vinci. / |
| Statement of responsibility, etc | by Kathleen Krull ; illustrated by Boris Kulikov. |
| 260 ## - PUBLICATION, DISTRIBUTION, ETC. (IMPRINT) | |
| Place of publication, distribution, etc | New York : |
| Name of publisher, distributor, etc | Scholastic , |
| Date of publication, distribution, etc | 2005. |
| 440 ## - SERIES STATEMENT/ADDED ENTRY--TITLE | |
| Title | Giants of science |
| 500 ## - GENERAL NOTE | |
| General note | Includes bibliographical references (p. 120-124) and index. |
| 520 ## - SUMMARY, ETC. | |
| Summary, etc | Contents: So many things unknown! -- The outsider -- The desire to know is natural -- Nothing but full privies -- Lying on a feather mattress -- The universe stands open -- Citizen of the world -- The fabulous notebooks -- The notebooks, part 2 -- "I have wasted my hours" -- I will continue -- What happened next? -- Leonardo�s notebooks and where they are now. |
| 650 ## - SUBJECT ADDED ENTRY--TOPICAL TERM | |
| Topical term or geographic name as entry element | Leonardo, da Vinci, 1452-1519 --Notebooks, sketchbooks, etc. --Juvenile literatu |
| 650 ## - SUBJECT ADDED ENTRY--TOPICAL TERM | |
| Topical term or geographic name as entry element | Leonardo, da Vinci, 1452-1519 --Juvenile literature. |
| Withdrawn status | Lost status | Damaged status | Home library | Current library | Shelving location | Date acquired | Total Checkouts | Full call number | Barcode | Date last seen | Price effective from | Koha item type |
|---|---|---|---|---|---|---|---|---|---|---|---|---|
| Munich Library | Munich Library | Main Section | 07/28/2010 | M 509.2 K93 2005 | M0384 | 04/14/2014 | 04/14/2014 | Books |